Realitný trh na Slovensku bakalárska práca

Saved in:
Bibliographic Details
Main Author: Lukčová, Silvia
Corporate Author: Národohospodárska fakulta EU. Katedra bankovníctva a medzinárodných financií
Other Authors: Matušovič, Denis
Format: Book
Language:Slovak
Published: Bratislava 2021
Tags: Add Tag
No Tags, Be the first to tag this record!

MARC

LEADER 00000nbm a2200000 4500
001 0275142
005 20220110114010.3
041 0 |a slo 
044 |a SK 
245 1 0 |a Realitný trh na Slovensku  |b bakalárska práca  |c Silvia Lukčová ; školiteľ: Denis Matušovič 
264 1 |a Bratislava  |c 2021 
300 |a 50 s. 
100 1 |a Lukčová, Silvia 
700 1 |a Matušovič, Denis 
710 2 |a Národohospodárska fakulta EU. Katedra bankovníctva a medzinárodných financií